Yüklüyor......
Subsidies in India
| Yazar: | |
|---|---|
| Materyal Türü: | Printed Book |
| Dil: | English |
| Baskı/Yayın Bilgisi: |
New Delhi
New century publications
2006
|
| Konular: |
| LEADER | 00656nam a2200253 a 4500 | ||
|---|---|---|---|
| 001 | adlib96000001 | ||
| 003 | ViArRB | ||
| 005 | 20151026132440.0 | ||
| 008 | 960221s1955 dcuabcdjdbkoqu001 0deng d | ||
| 020 | |a 9788177081176 | ||
| 022 | |||
| 040 | |a Adlib | ||
| 082 | |a 338.246.027 | ||
| 245 | |a Subsidies in India | ||
| 250 | |||
| 260 | |a New Delhi |b New century publications |c 2006 | ||
| 300 | |a xxiv, 400p | ||
| 500 | |a | ||
| 100 | |a Dwivedi, Rishi Muni | ||
| 700 | |||
| 942 | |c BK |6 _ | ||
| 653 | |a Subsidies | ||
| 999 | |c 48964 |d 48964 | ||
| 952 | |0 0 |1 0 |4 0 |6 338246027_DWI |7 0 |9 61686 |a UL |b UL |d 2010-06-16 |o 338.246.027 DWI |p 00059340 |r 2010-06-16 |w 2010-06-16 |y BK | ||